№ 9; Стандарты и качество

Λεπτομέρειες βιβλιογραφικής εγγραφής
Parent link:Стандарты и качество: научно-технический журнал/ Росстандарт Всероссийская организация качества ООО "РИА "Стандарнты и качество". № 9.— , 1980-
Περίληψη:Прил.: Business Excellence, № 9
Γλώσσα:Ρωσικά
Έκδοση: 2014
Μορφή: Βιβλίο
KOHA link:https://koha.lib.tpu.ru/cgi-bin/koha/opac-detail.pl?biblionumber=535148

MARC

LEADER 00000nam2a2200000 4500
001 535148
005 20231101113440.0
035 |a (RuTPU)RU\TPU\prd\223868 
090 |a 535148 
100 |a 20141009a19279999k y0rusy50 ca 
101 0 |a rus 
102 |a RU 
200 0 |a № 9 
210 |d 2014 
300 |a Прил.: Business Excellence, № 9 
461 1 |0 (RuTPU)RU\TPU\prd\992  |t Стандарты и качество  |o научно-технический журнал  |f Росстандарт Всероссийская организация качества ООО "РИА "Стандарнты и качество"  |v № 9  |d 1980- 
801 0 |a RU  |b 63413507  |c 20010227  |g PSBO 
801 1 |a RU  |b 63413507  |c 20141009 
801 2 |a RU  |b 63413507  |c 20230615  |g RCR 
942 |c BK 
999 |a НТБ_ТПУ  |b НФ  |e -1/20140109  |p П-7520  |s 3/20140704  |u 0,00  |v 1